000 01123nam a22002417a 4500
003 CO-NeUS
005 20180210115801.0
008 140129b ck ||||| |||| 00| 0 spa d
020 _a84-206-8102-4
040 _cCO-NeUS
082 0 4 _a302.2 / M383p
100 _aMartín Serrano, Manuel - 1940
_965256
245 1 0 _aLa producción social de comunicación / Manuel Martín Serrano ; Prol. Harry Prös
264 _aMadrid : Alianza, 1986
300 _a501 p. ; 23 cm.
490 0 _aAlianza Universal Textos
_vNo. 102
_994612
505 0 0 _aIntroducción / Presentación de la teoría social de la comunicación -- Fundamentos para una teoría social de
505 0 0 _ala comunicación -- Planteamiento teórico y metodológico para el estudio de la producción social de
505 0 0 _acomunicación -- La selección del acontecer público y su ubicación en el espacio y en el tiempo -- El relato a
505 0 0 _apropósito del acontecer público -- El cambio social y la transformación de la comunicación --
650 1 4 _aComunicacion
_xaspectos psicologicos
_9104034
700 1 _aPröss, Harry
_e Prólogo
_976069
999 _c11365
_d11365